শাসন ব্য়​ৱস্থা : বিষ​য় আৰু প্ৰত্য়াহ্বানসমূহ​ / Shason Byobostha : Bishoyo aaru Protyahbansomuh (Record no. 16429)

MARC details
000 -LEADER
fixed length control field 00785nam a22002297a 4500
008 - FIXED-LENGTH DATA ELEMENTS--GENERAL INFORMATION
fixed length control field 260423b |||||||| |||| 00| 0 eng d
020 ## - INTERNATIONAL STANDARD BOOK NUMBER
International Standard Book Number 9789358495096
Price 250
040 ## - CATALOGING SOURCE
Original Cataloguing agency Sibsagar Commerce College Central Library
041 ## - LANGUAGE CODE
Language code of text/sound track or separate title Assamese
082 ## - DEWEY DECIMAL CLASSIFICATION NUMBER
Classification number 350
Book Number DAS
100 ## - MAIN ENTRY--PERSONAL NAME
Personal name Das, D.
Fuller form of name Dr. Dipen
245 ## - TITLE STATEMENT
Title শাসন ব্য়​ৱস্থা : বিষ​য় আৰু প্ৰত্য়াহ্বানসমূহ​ / Shason Byobostha : Bishoyo aaru Protyahbansomuh
Sub Title Governance : Issues and Challenges
250 ## - EDITION STATEMENT
Edition statement 1st Ed.
260 ## - PUBLICATION, DISTRIBUTION, ETC.
Place of publication, distribution, etc. Dibrugarh
Name of publisher, distributor, etc. Pradyut Hazarika
Date of publication, distribution, etc. Banalata
300 ## - PHYSICAL DESCRIPTION
Pages 287 p. ;
Dimensions 20 x 25 cm
505 ## - FORMATED CONTENTS NOTE
Formated content notes NEP <br/>6th Semester<br/>Minor
650 ## - Subject
Subject Political Science
700 ## - Added Entry Personal Name
Personal Name Das, Baikuntha
700 ## - Added Entry Personal Name
Personal Name Biswas, Dhananjay
942 ## - ADDED ENTRY ELEMENTS (KOHA)
Source of classification or shelving scheme Dewey Decimal Classification
Koha item type Books
Holdings
Withdrawn status Lost status Source of classification or shelving scheme Damaged status Not for loan Collection code Home library Current library Shelving location Date acquired Source of acquisition Cost, normal purchase price Total Checkouts Full call number Barcode Date last seen Copy number Price effective from Koha item type
    Dewey Decimal Classification     Political Science Sibsagar Commerce College Central Library Sibsagar Commerce College Central Library General Stacks 10/04/2026 Kitap Ghar 250.00   350 DAS 29273 23/04/2026 1 23/04/2026 Books
    Dewey Decimal Classification     Political Science Sibsagar Commerce College Central Library Sibsagar Commerce College Central Library General Stacks 10/04/2026 Kitap Ghar 250.00   350 DAS 29274 23/04/2026 2 23/04/2026 Books
    Dewey Decimal Classification     Political Science Sibsagar Commerce College Central Library Sibsagar Commerce College Central Library General Stacks 10/04/2026 Kitap Ghar 250.00   350 DAS 29275 23/04/2026 3 23/04/2026 Books
    Dewey Decimal Classification     Political Science Sibsagar Commerce College Central Library Sibsagar Commerce College Central Library General Stacks 10/04/2026 Kitap Ghar 250.00   350 DAS 29276 23/04/2026 4 23/04/2026 Books


Sibsagar Commerce College © 2020. All rights reserved.
Powered by Koha.
Hosted by LIBKART.